[Event "Menton op 19th"]
[Site "Menton"]
[Date "2022.10.23"]
[Round "1"]
[White "Christiansen, Johan Sebastian"]
[Black "Mammadhuseyn, Djeyhun"]
[Result "1-0"]
[WhiteElo "2576"]
[BlackElo "2031"]
[PlyCount "68"]
[EventDate "2022.10.23"]
[EventType "swiss"]
[EventRounds "9"]
[EventCountry "FRA"]
[SourceTitle "EXT 2024"]
[Source "ChessBase"]
[SourceDate "2023.10.10"]
[SourceVersion "1"]
[SourceVersionDate "2023.10.10"]
[SourceQuality "1"]

1. c4 e5 2. g3 Nc6 3. Nc3 Bc5 4. Bg2 d6 5. e3 a6 6. Nf3 Ba7 7. d4 exd4 8. Nxd4 Nxd4 9. exd4 Ne7 10. 0-0 0-0 11. Be3 Nf5 12. Qd3 Re8 13. Rae1 h6 14. Bxb7 Nxe3 15. Bxa8 Bf5 16. Be4 Nxf1 17. Rxf1 Bxe4 18. Nxe4 d5 19. Nc5 Bxc5 20. dxc5 dxc4 21. Qxc4 Qd2 22. b4 Qe2 23. Qf4 Re4 24. Qxc7 Rxb4 25. c6 Qc2 26. Qc8+ Kh7 27. Qxa6 Rc4 28. Qa7 Rxc6 29. Qxf7 Ra6 30. Ra1 Ra3 31. Qd5 Ra4 32. Kg2 Rc4 33. Re1 Ra4 34. Re8 Qb2 1-0